000
00290nam a2200133Ia 4500
100
_a
Schlaifer
942
_c
BK
654
_a
statistics
245
_a
Probablity & Statistics For Business Decisions
260
_b
Mc Graw Hill
_c
2001
082
_a
519
300
_a
732
546
_a
ENGLISH
999
_c
31212
_d
31212